00301nam a2200109Ia 4500100003400000654001300034245006700047260003800114082001900152300000800171546001200179 aVollamann/ Berry/Michael J.A  aPlanning aManufacturing Planning and Control for Supply Chain Management bTata McGraw-HillaNew Delhic2005 a658.5bVOL/BER a712 aENGLISH